000 00620nam a22002177a 4500
003 BD-DhJNU
005 20251022050840.0
008 251022b |||||||| |||| 00| 0 eng d
020 _a0195607457
040 _aBD-DhJNU
_bENG
_cBD-DhJNU
_dBD-DhJNU
082 _223
_a909.08 KEH
100 _aKetelbey, C.D.M.
245 _aA history of modern times from 1789 /
_cC.D.M. Ketelbey
250 _a5th ed.
260 _aCalcutta :
_bOxford University Press,
_c1973.
300 _a736p. :
_bill. ;
_c21 cm.
504 _aIncludes index
650 _a Modern history
650 _aFrench revolution
942 _2ddc
_cBK
_n0
999 _c2303
_d2303